[Event "Airthings Masters Div 3 W"]
[Site "chess.com INT"]
[Date "2023.02.06"]
[Round "1.1"]
[White "Guseinov, Gadir"]
[Black "Sjugirov, Sanan"]
[Result "1/2-1/2"]
[WhiteTitle "GM"]
[BlackTitle "GM"]
[WhiteElo "2661"]
[BlackElo "2712"]
[WhiteFideId "13401378"]
[BlackFideId "4189302"]
[EventDate "2023.02.06"]

1. e4 e5 2. Nf3 Nc6 3. d4 exd4 4. Bc4 Bc5 5. Ng5 Nh6 6. Nxf7 Nxf7 7. Bxf7+ Kxf7
8. Qh5+ g6 9. Qxc5 Qe7 10. Qxe7+ Nxe7 11. O-O d5 12. Nd2 dxe4 13. Nxe4 Bf5 14.
Re1 h6 15. f3 Rae8 16. Bd2 Nc6 17. c3 Bxe4 18. fxe4 dxc3 19. Bxc3 Rhf8 20. Re3
g5 21. b4 Kg6 22. Rc1 a6 23. a4 Rf7 24. h3 Re6 25. Rce1 h5 26. Rg3 h4 27. Rd3
Rfe7 28. Rde3 Rf7 29. Rd3 Rfe7 30. Rde3 Rf7 31. Rd3 1/2-1/2

[Event "Airthings Masters Div 3 W"]
[Site "chess.com INT"]
[Date "2023.02.06"]
[Round "1.2"]
[White "Sjugirov, Sanan"]
[Black "Guseinov, Gadir"]
[Result "1/2-1/2"]
[WhiteTitle "GM"]
[BlackTitle "GM"]
[WhiteElo "2712"]
[BlackElo "2661"]
[WhiteFideId "4189302"]
[BlackFideId "13401378"]
[EventDate "2023.02.06"]

1. d4 Nf6 2. c4 g6 3. Nc3 Bg7 4. e4 d6 5. Nf3 O-O 6. Be2 e5 7. O-O exd4 8. Nxd4
Re8 9. f3 c6 10. Kh1 d5 11. cxd5 cxd5 12. Bb5 Bd7 13. exd5 Bxb5 14. Ndxb5 a6 15.
Na3 b5 16. Nc2 Qd6 17. Bg5 Nbd7 18. a3 Nb6 19. Qd3 Nfxd5 20. Rad1 Qc7 21. Nxd5
Nxd5 22. Qxd5 Qxc2 23. Rd2 Qc4 24. Qxc4 bxc4 25. Rc2 Rab8 26. Bc1 Rec8 27. Rd1
h5 28. Kg1 c3 29. bxc3 Bxc3 30. Kf1 a5 31. Bf4 Bb2 32. Re2 Rb5 33. Rb1 Rf5 34.
Rbxb2 Rxf4 35. Re3 Rh4 36. h3 Rhc4 37. Kf2 h4 38. Rbe2 Kg7 39. Re4 f5 40. Re6
Rc2 41. Re5 R8c5 42. Rxc2 Rxc2+ 43. Kf1 a4 44. Ra5 Rc4 45. Ke2 Rc2+ 46. Kf1 Rc4
47. Ke2 Rc2+ 48. Kf1 1/2-1/2

[Event "Airthings Masters Div 3 W"]
[Site "chess.com INT"]
[Date "2023.02.06"]
[Round "1.3"]
[White "Guseinov, Gadir"]
[Black "Sjugirov, Sanan"]
[Result "1-0"]
[WhiteTitle "GM"]
[BlackTitle "GM"]
[WhiteElo "2661"]
[BlackElo "2712"]
[WhiteFideId "13401378"]
[BlackFideId "4189302"]
[EventDate "2023.02.06"]

1. e4 e5 2. Nf3 Nc6 3. d4 exd4 4. Bc4 Bc5 5. Ng5 Nh6 6. Nxf7 Nxf7 7. Bxf7+ Kxf7
8. Qh5+ g6 9. Qxc5 Qe7 10. Qxe7+ Nxe7 11. f3 d5 12. c3 dxc3 13. Nxc3 c6 14. Bg5
Be6 15. O-O-O Rad8 16. exd5 Bxd5 17. Rhe1 Rhe8 18. Re5 Rc8 19. Kb1 Nf5 20. Rxe8
Rxe8 21. Nxd5 cxd5 22. Rxd5 Re2 23. g4 h6 24. gxf5 hxg5 25. Rd7+ Ke8 26. Rxb7
gxf5 27. Rxa7 Rxh2 28. a4 Rf2 29. a5 g4 30. a6 gxf3 31. Ra8+ Kd7 32. a7 Rf1+ 33.
Ka2 f2 34. Rd8+ Kc7 35. Rc8+ Kxc8 36. a8=Q+ Kc7 37. Qg2 1-0

[Event "Airthings Masters Div 3 W"]
[Site "chess.com INT"]
[Date "2023.02.06"]
[Round "1.1"]
[White "Theodorou, Nikolas"]
[Black "Pranav, V"]
[Result "1-0"]
[WhiteTitle "GM"]
[BlackTitle "GM"]
[WhiteElo "2584"]
[BlackElo "2545"]
[WhiteFideId "4262875"]
[BlackFideId "25060783"]
[EventDate "2023.02.06"]

1. d4 Nf6 2. c4 e6 3. g3 Bb4+ 4. Bd2 Be7 5. Bg2 d5 6. Nf3 O-O 7. O-O Nbd7 8. Qc2
c6 9. Bf4 b6 10. Nbd2 Bb7 11. e4 dxe4 12. Nxe4 Nxe4 13. Qxe4 Nf6 14. Qe2 c5 15.
dxc5 bxc5 16. Ne5 Bxg2 17. Kxg2 Qb6 18. Rfd1 Rfd8 19. Qf3 Rac8 20. Rxd8+ Bxd8
21. Rd1 Be7 22. b3 Qa6 23. Rd2 h6 24. h4 Qb6 25. g4 Nh7 26. Bxh6 Bf6 27. Nd7 Qc7
28. Be3 Bxh4 29. Nxc5 Nf8 30. Nd3 Be7 31. Nf4 Bd6 32. Rd1 Nh7 33. Nh5 Be5 34.
Rh1 g6 35. Ng3 Rd8 36. g5 Rf8 37. Ne4 f5 38. gxf6 Nxf6 39. Nxf6+ Rxf6 40. Qa8+
Rf8 41. Qe4 Rf5 42. b4 Kg7 43. c5 Bf4 44. Qxe6 Rg5+ 45. Kf1 Bxe3 46. Qxe3 Qc6
47. Qd4+ Kf7 48. Rh7+ Ke6 49. Qc4+ Ke5 50. f4+ 1-0

[Event "Airthings Masters Div 3 W"]
[Site "chess.com INT"]
[Date "2023.02.06"]
[Round "1.2"]
[White "Pranav, V"]
[Black "Theodorou, Nikolas"]
[Result "1-0"]
[WhiteTitle "GM"]
[BlackTitle "GM"]
[WhiteElo "2545"]
[BlackElo "2584"]
[WhiteFideId "25060783"]
[BlackFideId "4262875"]
[EventDate "2023.02.06"]

1. e4 c5 2. Nf3 Nc6 3. Bb5 e6 4. Bxc6 bxc6 5. d3 Qc7 6. O-O Ne7 7. Ng5 f6 8. Nh3
d5 9. f4 c4 10. Nc3 cxd3 11. cxd3 Ba6 12. Re1 Kf7 13. Nf2 Rd8 14. Qh5+ Kg8 15.
Qh3 Qc8 16. Na4 Ng6 17. f5 exf5 18. exf5 Re8 19. Be3 Bb4 20. fxg6 Qxh3 21. gxh3
Bxe1 22. gxh7+ Kxh7 23. Rxe1 Re7 24. Bd2 Rxe1+ 25. Bxe1 Re8 26. Kf1 g5 27. Nc5
Bc8 28. Bc3 f5 29. h4 gxh4 30. Bd2 f4 31. Bxf4 Kg6 32. d4 Rf8 33. Be5 Kf5 34.
Ke2 Rg8 35. Kf1 Rg6 36. Nd1 Kg4 37. Kg2 Kh5+ 38. Kf2 Kg4 39. Ne3+ Kh3 40. Nd3
Rg8 41. Kf3 Rf8+ 42. Bf4 Rxf4+ 43. Nxf4+ Kxh2 44. Kf2 Bd7 45. Nf1+ Kh1 46. Ng6
h3 47. Ng3+ Kh2 48. Ne5 Bg4 49. Nxg4# 1-0

[Event "Airthings Masters Div 3 W"]
[Site "chess.com INT"]
[Date "2023.02.06"]
[Round "1.3"]
[White "Theodorou, Nikolas"]
[Black "Pranav, V"]
[Result "0-1"]
[WhiteTitle "GM"]
[BlackTitle "GM"]
[WhiteElo "2584"]
[BlackElo "2545"]
[WhiteFideId "4262875"]
[BlackFideId "25060783"]
[EventDate "2023.02.06"]

1. d4 Nf6 2. c4 e6 3. g3 Bb4+ 4. Bd2 Be7 5. Bg2 d5 6. Nf3 O-O 7. O-O Nbd7 8. Qc2
c6 9. Bf4 b6 10. Nbd2 Bb7 11. e4 dxc4 12. Nxc4 c5 13. Rfe1 cxd4 14. Nd6 Bxd6 15.
Bxd6 Rc8 16. Qa4 Nc5 17. Qxd4 Re8 18. e5 Nd5 19. h4 h6 20. Rac1 Ne7 21. Red1 Nf5
22. Qf4 Ne4 23. Rxc8 Qxc8 24. g4 Qc2 25. Rf1 Nfxd6 26. exd6 Rd8 27. g5 hxg5 28.
Nxg5 Nxg5 29. Qxg5 f6 30. Qg4 Bxg2 31. Qxe6+ Kh7 32. Kxg2 Qc6+ 33. Kg1 Qxd6 34.
Qf5+ g6 35. Qf3 Qd4 36. Re1 Qxh4 37. Re7+ Kh6 38. Rxa7 Qg5+ 39. Kh1 Rd4 40. Rh7+
Kxh7 41. Qa8 Rh4# 0-1

[Event "Airthings Masters Div 3 W"]
[Site "chess.com INT"]
[Date "2023.02.06"]
[Round "1.1"]
[White "Praggnanandhaa, R"]
[Black "Tabatabaei, M. Amin"]
[Result "1/2-1/2"]
[WhiteTitle "GM"]
[BlackTitle "GM"]
[WhiteElo "2690"]
[BlackElo "2677"]
[WhiteFideId "25059530"]
[BlackFideId "12521213"]
[EventDate "2023.02.06"]

1. e4 e5 2. Nf3 Nc6 3. Bc4 Nf6 4. d3 Bc5 5. Nc3 d6 6. Na4 Bb6 7. a3 h6 8. h3 O-O
9. O-O Qe7 10. c3 Be6 11. Nxb6 axb6 12. Bb5 Na7 13. Ba4 c5 14. Re1 Bd7 15. Bc2
Nc6 16. d4 Rfe8 17. d5 Nd8 18. Be3 Rf8 19. a4 Nh7 20. Nd2 f5 21. exf5 Bxf5 22.
Bxf5 Rxf5 23. Nc4 Qc7 24. Qg4 Rf6 25. f4 Nf7 26. fxe5 Nxe5 27. Nxe5 dxe5 28. c4
Qd6 29. Bd2 Nf8 30. Qg3 Ng6 31. b3 Nf4 32. Qc3 Rg6 33. Bxf4 exf4 34. Rad1 Rf8
35. Rd3 Rf5 36. Rf3 Rfg5 37. Re8+ Kh7 38. Re2 Rg3 39. Rxg3 Rxg3 40. Qc2+ Qg6 41.
Qxg6+ Kxg6 42. Re6+ Kh5 43. Re5+ Kg6 44. d6 Rd3 45. Rd5 Rxd5 46. cxd5 Kf7 47.
Kf2 Ke8 48. Kf3 Kd7 49. Kxf4 Kxd6 50. Ke4 b5 51. axb5 b6 52. h4 h5 53. g3 g6 54.
Kf4 Kxd5 55. Kg5 Kd4 56. Kxg6 Kc3 57. Kxh5 Kxb3 58. g4 c4 59. g5 c3 60. g6 c2
61. g7 c1=Q 62. g8=Q+ Kb4 63. Qg5 Qc7 64. Kg6 Qd6+ 65. Kf7 Ka5 66. h5 Qd7+ 67.
Kf8 Qd6+ 68. Kg7 Qd7+ 69. Kh6 Qe6+ 70. Kg7 Qd7+ 71. Kg6 Qe8+ 72. Kf5 Qd7+ 73.
Ke5 Qc7+ 74. Ke6 Qc8+ 75. Kd6 Qf8+ 76. Ke5 Qc5+ 77. Kf4 Qd4+ 78. Kf3 Qd3+ 79.
Kf2 Qd4+ 80. Ke2 Qe4+ 81. Kf2 Qd4+ 82. Kg3 Qd3+ 83. Kg4 Qd1+ 84. Kf4 Qd2+ 85.
Kf5 Qd5+ 86. Kg4 Qg2+ 87. Kf5 Qd5+ 88. Kg6 Qg8+ 89. Kf6 Qd8+ 90. Kg6 Qg8+ 1/2-1/2

[Event "Airthings Masters Div 3 W"]
[Site "chess.com INT"]
[Date "2023.02.06"]
[Round "1.2"]
[White "Tabatabaei, M. Amin"]
[Black "Praggnanandhaa, R"]
[Result "1/2-1/2"]
[WhiteTitle "GM"]
[BlackTitle "GM"]
[WhiteElo "2677"]
[BlackElo "2690"]
[WhiteFideId "12521213"]
[BlackFideId "25059530"]
[EventDate "2023.02.06"]

1. d4 Nf6 2. c4 e6 3. Nc3 Bb4 4. e3 O-O 5. Bd2 c5 6. a3 Bxc3 7. Bxc3 Ne4 8. Ne2
b6 9. d5 Bb7 10. f3 Nxc3 11. Nxc3 exd5 12. Nxd5 Re8 13. Kf2 Na6 14. Be2 Nc7 15.
e4 f5 16. Nxc7 Qxc7 17. exf5 Qf4 18. Re1 Qxh2 19. Bf1 d6 20. Qd2 h6 21. Rad1
Qh4+ 22. Kg1 Rxe1 23. Rxe1 Rd8 24. Re6 d5 25. f6 Bc8 26. Rc6 gxf6 27. cxd5 Bb7
28. Rc7 Bxd5 29. Rxa7 f5 30. Qc3 Bf7 31. Rb7 Rd6 32. Qe5 Qf6 33. Qxf6 Rxf6 34.
Kf2 f4 35. Bd3 Rd6 36. Ke2 h5 37. Re7 Kf8 38. Re5 Rf6 39. Be4 Kg7 40. Re7 Kh6
41. Rd7 Kg5 42. Kf2 Kh6 43. Rc7 Kg5 44. b4 cxb4 45. axb4 Kh6 46. b5 Be8 47. Bc6
Bg6 48. Rb7 Bd3 49. Ke1 Rd6 50. Kf2 Re6 51. Kg1 Bc4 52. Kh2 Bf1 53. Kg1 Bc4 54.
Rb8 Rf6 55. Rh8+ Kg5 56. Rb8 Kh6 57. Kh2 Bf1 58. Rh8+ Kg5 59. Kg1 Bc4 60. Rb8
Kh6 1/2-1/2

[Event "Airthings Masters Div 3 W"]
[Site "chess.com INT"]
[Date "2023.02.06"]
[Round "1.3"]
[White "Praggnanandhaa, R"]
[Black "Tabatabaei, M. Amin"]
[Result "1-0"]
[WhiteTitle "GM"]
[BlackTitle "GM"]
[WhiteElo "2690"]
[BlackElo "2677"]
[WhiteFideId "25059530"]
[BlackFideId "12521213"]
[EventDate "2023.02.06"]

1. e4 e5 2. Nf3 Nc6 3. Bc4 Nf6 4. d3 Bc5 5. Nc3 h6 6. a3 a6 7. Be3 Bxe3 8. fxe3
d6 9. d4 O-O 10. O-O b5 11. Ba2 Bb7 12. Qd3 Re8 13. Rad1 Qd7 14. Nh4 Qg4 15.
Rxf6 gxf6 16. Nf5 Qg6 17. Nd5 Kh8 18. Rf1 exd4 19. exd4 Nd8 20. Rf3 Qg5 21. h4
Qg4 22. Qd2 1-0

[Event "Airthings Masters Div 3 W"]
[Site "chess.com INT"]
[Date "2023.02.06"]
[Round "1.1"]
[White "Safarli, Eltaj"]
[Black "Antipov, Mikhail Al."]
[Result "0-1"]
[WhiteTitle "GM"]
[BlackTitle "GM"]
[WhiteElo "2608"]
[BlackElo "2581"]
[WhiteFideId "13402129"]
[BlackFideId "4107012"]
[EventDate "2023.02.06"]

1. e4 e5 2. Nf3 Nc6 3. Bb5 Nf6 4. O-O Nxe4 5. d4 Nd6 6. dxe5 Nxb5 7. a4 d6 8. e6
Bxe6 9. axb5 Ne5 10. Nd4 Be7 11. f4 Nd7 12. Nxe6 fxe6 13. Qh5+ g6 14. Qh3 Kf7
15. Nd2 a6 16. Nf3 axb5 17. Ng5+ Bxg5 18. fxg5+ Ke7 19. Qh6 Ke8 20. Qg7 Rf8 21.
Re1 Ne5 22. Rxa8 Qxa8 23. Qxc7 Qa6 24. Qxh7 Qa5 25. c3 b4 26. Qxb7 bxc3 27. b4
Qa2 28. Be3 c2 29. Qc8+ Ke7 30. Qc7+ Nd7 31. Bd4 e5 32. Bxe5 dxe5 33. Rxe5+ Kf7
34. Qxd7+ Kg8 35. Re1 c1=Q 0-1

[Event "Airthings Masters Div 3 W"]
[Site "chess.com INT"]
[Date "2023.02.06"]
[Round "1.2"]
[White "Antipov, Mikhail Al."]
[Black "Safarli, Eltaj"]
[Result "0-1"]
[WhiteTitle "GM"]
[BlackTitle "GM"]
[WhiteElo "2581"]
[BlackElo "2608"]
[WhiteFideId "4107012"]
[BlackFideId "13402129"]
[EventDate "2023.02.06"]

1. e4 c5 2. Nf3 e6 3. b3 a6 4. Bb2 Nc6 5. c4 Nf6 6. e5 Ng4 7. g3 Qc7 8. Bg2 Be7
9. O-O O-O 10. Re1 d6 11. d4 cxd4 12. exd6 Bxd6 13. Nxd4 Nxd4 14. Qxd4 e5 15.
Qd2 Bc5 16. Re2 Rd8 17. Qe1 Qb6 18. Bc3 Bf5 19. Nd2 Rd3 20. Ne4 Bxe4 21. Bxe4
Nxf2 22. Rxf2 Rxc3 23. Rd1 Re3 0-1

[Event "Airthings Masters Div 3 W"]
[Site "chess.com INT"]
[Date "2023.02.06"]
[Round "1.3"]
[White "Safarli, Eltaj"]
[Black "Antipov, Mikhail Al."]
[Result "0-1"]
[WhiteTitle "GM"]
[BlackTitle "GM"]
[WhiteElo "2608"]
[BlackElo "2581"]
[WhiteFideId "13402129"]
[BlackFideId "4107012"]
[EventDate "2023.02.06"]

1. e4 e5 2. Bc4 Nf6 3. d3 Bc5 4. Nf3 d6 5. Nc3 c6 6. O-O O-O 7. Bg5 h6 8. Bh4
Nbd7 9. d4 exd4 10. Nxd4 Ne5 11. Bb3 Re8 12. f3 Ng6 13. Bf2 Nh5 14. Nde2 Qg5 15.
Bxc5 dxc5 16. Kh1 b5 17. a3 c4 18. Ba2 Ngf4 19. Nxf4 Nxf4 20. g3 Bh3 21. Rf2
Rad8 22. Qc1 Bg2+ 23. Rxg2 Nxg2 24. f4 Nxf4 25. gxf4 Qc5 26. Qe1 a5 27. e5 Rd4
28. Qg3 b4 29. axb4 axb4 30. Rg1 g6 31. Ne2 Qd5+ 32. Rg2 Rd1+ 33. Ng1 Ra8 34.
Bxc4 Qxc4 35. f5 Qe4 36. fxg6 Rxg1+ 37. Kxg1 Ra1+ 38. Kf2 Qxc2+ 39. Kf3 Rf1+ 40.
Kg4 Qf5+ 41. Kh4 Rf4+ 42. Qxf4 Qxf4+ 43. Kh3 Qf5+ 0-1

[Event "Airthings Masters Div 3 W"]
[Site "chess.com INT"]
[Date "2023.02.06"]
[Round "1.1"]
[White "Keymer, Vincent"]
[Black "Matlakov, Maxim"]
[Result "0-1"]
[WhiteTitle "GM"]
[BlackTitle "GM"]
[WhiteElo "2690"]
[BlackElo "2662"]
[WhiteFideId "12940690"]
[BlackFideId "4168003"]
[EventDate "2023.02.06"]

1. c4 e5 2. d3 Nf6 3. Nf3 Nc6 4. a3 d5 5. cxd5 Nxd5 6. e4 Nb6 7. Be2 Be7 8. Be3
O-O 9. O-O Be6 10. Nbd2 a5 11. Rc1 Qd6 12. Nb3 Nd7 13. Qc2 a4 14. Nbd2 Nb6 15.
Rfd1 Qd7 16. Nc4 Nxc4 17. dxc4 Qe8 18. h3 f6 19. Nh4 Na5 20. Bg4 Bxg4 21. hxg4
Nb3 22. Rb1 b6 23. Nf5 Bc5 24. Qe2 g6 25. Ng3 Qe6 26. Nf1 Rad8 27. Rxd8 Rxd8 28.
Rd1 Rxd1 29. Qxd1 Bd4 30. Bxd4 exd4 31. Qf3 Kg7 32. Qf4 Qe5 33. g3 Qxf4 34. gxf4
Nc1 35. Kg2 Nd3 36. Kf3 Nxb2 37. Nd2 Nd3 38. f5 g5 39. Ke2 Ne5 40. f3 Kf7 41.
Kd1 Ke7 0-1

[Event "Airthings Masters Div 3 W"]
[Site "chess.com INT"]
[Date "2023.02.06"]
[Round "1.2"]
[White "Matlakov, Maxim"]
[Black "Keymer, Vincent"]
[Result "1/2-1/2"]
[WhiteTitle "GM"]
[BlackTitle "GM"]
[WhiteElo "2662"]
[BlackElo "2690"]
[WhiteFideId "4168003"]
[BlackFideId "12940690"]
[EventDate "2023.02.06"]

1. d4 Nf6 2. c4 e6 3. g3 Bb4+ 4. Bd2 Be7 5. Bg2 d5 6. Nf3 O-O 7. O-O c6 8. Qc2
Nbd7 9. Rc1 a5 10. e3 Ne4 11. Be1 f5 12. Nc3 Bd6 13. a3 Qe7 14. c5 Bc7 15. b4 e5
16. Ne2 f4 17. exf4 exf4 18. Nxf4 Bxf4 19. gxf4 Rxf4 20. b5 Qe6 21. Nd2 Ndf6 22.
f3 Ng5 23. Bg3 Qe3+ 24. Bf2 Qe8 25. Re1 Qf7 26. Bg3 Bf5 27. Qc3 Nh5 28. Re5 h6
29. Qe3 Bg6 30. Re7 Qf6 31. Bxf4 Nxf4 32. Qe5 Qxe5 33. dxe5 cxb5 34. Rxb7 Be8
35. Bf1 Nge6 36. Rc1 Bc6 37. Rb6 Nd4 38. Kf2 Rc8 39. Ke3 Nfe6 40. Bh3 Kf7 41. f4
g6 42. Nf3 Nb3 43. Bxe6+ Kxe6 44. Nd4+ Nxd4 45. Kxd4 Kf5 46. Rg1 a4 47. h4 Rc7
48. Rg2 Rc8 49. Rg1 Rc7 50. Rg2 Rc8 51. Rg1 1/2-1/2

[Event "Airthings Masters Div 3 W"]
[Site "chess.com INT"]
[Date "2023.02.06"]
[Round "1.1"]
[White "Demidovich, Mikhail"]
[Black "Martinez Alcantara, Jose Eduardo"]
[Result "1/2-1/2"]
[BlackTitle "GM"]
[WhiteElo "1482"]
[BlackElo "2607"]
[WhiteFideId "13514660"]
[BlackFideId "3805662"]
[EventDate "2023.02.06"]

1. Nf3 c5 2. e3 e6 3. d4 d5 4. c4 dxc4 5. Bxc4 Nf6 6. O-O a6 7. b3 Nc6 8. Bb2
cxd4 9. Nxd4 Bd7 10. Nc3 Be7 11. Nf3 O-O 12. Qe2 Qa5 13. Rfd1 Rfd8 14. a3 Be8
15. b4 Qh5 16. h3 Rac8 17. Rxd8 Rxd8 18. Rd1 Rxd1+ 19. Qxd1 Kf8 20. Ne2 Nd5 21.
e4 Nb6 22. Bd3 f6 23. e5 Nxe5 24. Nxe5 fxe5 25. Qc2 Bg6 26. Ng3 Bxd3 27. Qxd3
Qg6 28. Qf3+ Ke8 29. Bxe5 Nd5 30. Ne4 Qf5 31. Bxg7 Qxf3 32. gxf3 Kd7 33. Be5 Kc6
34. f4 h6 35. Bg7 h5 36. Be5 Kb5 1/2-1/2

[Event "Airthings Masters Div 3 W"]
[Site "chess.com INT"]
[Date "2023.02.06"]
[Round "1.1"]
[White "Iniyan, P"]
[Black "Lenderman, Aleksandr"]
[Result "1/2-1/2"]
[WhiteTitle "GM"]
[BlackTitle "GM"]
[WhiteElo "2514"]
[BlackElo "2572"]
[WhiteFideId "25002767"]
[BlackFideId "2021285"]
[EventDate "2023.02.06"]

1. d4 d5 2. c4 c6 3. Nf3 Nf6 4. Nc3 dxc4 5. a4 e6 6. e3 c5 7. Bxc4 Nc6 8. O-O
cxd4 9. exd4 Be7 10. Qe2 O-O 11. Rd1 Nb4 12. Ne5 Bd7 13. a5 Rc8 14. d5 exd5 15.
Nxd5 Nbxd5 16. Bxd5 Nxd5 17. Rxd5 Bg4 18. Qd2 Qxd5 19. Qxd5 Rcd8 20. Qb3 Rd1+
21. Qxd1 Bxd1 22. Be3 Be2 23. Bxa7 Ra8 24. Bb6 Rc8 25. Nf3 Rc2 26. Nd4 Rxb2 27.
Nxe2 Rxe2 28. Rc1 h5 29. Kf1 Re5 30. Rc4 Kh7 31. g3 Kg6 32. Rc7 Bb4 33. Rxb7
Bxa5 34. Bxa5 Rxa5 35. Kg2 1/2-1/2

[Event "Airthings Masters Div 3 W"]
[Site "chess.com INT"]
[Date "2023.02.06"]
[Round "1.2"]
[White "Lenderman, Aleksandr"]
[Black "Iniyan, P"]
[Result "1-0"]
[WhiteTitle "GM"]
[BlackTitle "GM"]
[WhiteElo "2572"]
[BlackElo "2514"]
[WhiteFideId "2021285"]
[BlackFideId "25002767"]
[EventDate "2023.02.06"]

1. d4 Nf6 2. c4 e6 3. g3 d5 4. Bg2 dxc4 5. Nf3 c6 6. a4 Bb4+ 7. Bd2 a5 8. Qc2
Bxd2+ 9. Qxd2 b5 10. axb5 cxb5 11. Qg5 O-O 12. Qxb5 Nbd7 13. Qxc4 Qb6 14. Qc2
Ba6 15. Nc3 Rfc8 16. O-O Rab8 17. Rfb1 Rc4 18. e3 Rb4 19. Na4 Qd6 20. b3 h6 21.
h3 Rc8 22. Qd1 Ne4 23. Rc1 Rcb8 24. Ne5 Nxe5 25. Bxe4 Bb5 26. Nc3 Bc6 27. Rxa5
Nd7 28. Bxc6 Qxc6 29. Na2 1-0

[Event "Airthings Masters Div 3 W"]
[Site "chess.com INT"]
[Date "2023.02.06"]
[Round "1.1"]
[White "Grischuk, Alexander"]
[Black "Svidler, Peter"]
[Result "0-1"]
[WhiteTitle "GM"]
[BlackTitle "GM"]
[WhiteElo "2745"]
[BlackElo "2683"]
[WhiteFideId "4126025"]
[BlackFideId "4102142"]
[EventDate "2023.02.06"]

1. e4 e5 2. Nf3 Nc6 3. Nc3 Nf6 4. Bb5 Nd4 5. Bc4 Nxf3+ 6. Qxf3 c6 7. O-O d6 8.
d3 Be7 9. a4 O-O 10. h3 Be6 11. Bxe6 fxe6 12. Qe2 Qc7 13. Nb1 Nd7 14. Nd2 d5 15.
Nf3 Rf7 16. Bd2 a5 17. Kh1 Bb4 18. c3 Bd6 19. b4 h6 20. Rfb1 b6 21. b5 cxb5 22.
Rxb5 Qc6 23. d4 dxe4 24. Nxe5 Bxe5 25. dxe5 Rf5 26. Re1 Nxe5 27. Qxe4 Qxe4 28.
Rxe4 Nd3 29. Rxf5 exf5 30. Re6 Nxf2+ 31. Kh2 Ne4 32. Be3 Nxc3 33. Bd4 Nxa4 34.
Re7 g5 35. Rg7+ Kf8 36. Rh7 Re8 37. Rxh6 Re4 38. Bxb6 Nxb6 39. Rxb6 Re5 40. h4
gxh4 41. Kh3 a4 42. Ra6 Re4 43. Rf6+ Ke7 44. Rxf5 Kd6 45. g3 hxg3 46. Kxg3 Re5
47. Rf8 Ra5 48. Rf1 a3 49. Kf4 a2 50. Ra1 Kc5 51. Ke3 Kb4 0-1

[Event "Airthings Masters Div 3 W"]
[Site "chess.com INT"]
[Date "2023.02.06"]
[Round "1.1"]
[White "Drygalov, Sergey"]
[Black "Maghsoodloo, Parham"]
[Result "0-1"]
[WhiteTitle "GM"]
[BlackTitle "GM"]
[WhiteElo "2547"]
[BlackElo "2728"]
[WhiteFideId "24171743"]
[BlackFideId "12539929"]
[EventDate "2023.02.06"]

1. d4 Nf6 2. c4 e6 3. Nc3 Bb4 4. e3 O-O 5. Bd3 d5 6. a3 Bxc3+ 7. bxc3 dxc4 8.
Bxc4 c5 9. Ne2 Nc6 10. O-O b6 11. f4 Bb7 12. Ng3 Ne7 13. Bd3 Rc8 14. Bb2 cxd4
15. cxd4 Nf5 16. Bxf5 exf5 17. d5 Rc5 18. Nxf5 Rxd5 19. Nd4 Re8 20. Rf3 Qd7 21.
Rc1 Rc5 22. Rg3 Rxc1 23. Qxc1 Ne4 24. Rf3 f6 25. Rf1 Nc5 26. Qd2 Qd5 27. Re1 Nd3
28. Re2 Ba6 29. Bc3 Nxf4 30. Rf2 Nd3 31. Rf3 Ne5 32. Rg3 Qe4 33. h3 h5 34. h4
Ng4 35. Qe1 Qd3 36. Bd2 Qxa3 37. Qb1 Qd3 38. Qc1 Kh7 39. Rf3 Bb7 40. Rf5 Re5 41.
Rxe5 Nxe5 42. Be1 Nc4 43. Bf2 Qg6 44. g3 Qe4 45. Kf1 Qh1+ 0-1

[Event "Airthings Masters Div 3 W"]
[Site "chess.com INT"]
[Date "2023.02.06"]
[Round "1.2"]
[White "Maghsoodloo, Parham"]
[Black "Drygalov, Sergey"]
[Result "1/2-1/2"]
[WhiteTitle "GM"]
[BlackTitle "GM"]
[WhiteElo "2728"]
[BlackElo "2547"]
[WhiteFideId "12539929"]
[BlackFideId "24171743"]
[EventDate "2023.02.06"]

1. d4 Nf6 2. Nf3 d5 3. Bf4 c5 4. e3 Nc6 5. Nbd2 Qb6 6. dxc5 Qxb2 7. Rb1 Qa3 8.
Bb5 g6 9. Ne5 Qxc5 10. O-O Bg7 11. c4 dxc4 12. Qa4 O-O 13. Nxc6 bxc6 14. Bxc6
Bd7 15. Bxd7 Nxd7 16. Qxd7 Rfd8 17. Ne4 Qa3 18. Qb5 c3 19. Rb3 a6 20. Qc4 Qa5
21. Bc7 Qd5 22. Qa4 Qd7 23. Qxd7 Rxd7 24. Ba5 c2 25. Nc3 Rc8 26. Ne2 Rd1 27. g3
c1=Q 28. Nxc1 Rxf1+ 29. Kxf1 Rxc1+ 30. Kg2 Be5 31. Rb6 Ra1 32. Rxa6 Rxa2 33. Ra7
Kg7 34. Bb6 Rb2 35. Rxe7 Bf6 36. Bd4 Bxd4 1/2-1/2

[Event "Airthings Masters Div 3 W"]
[Site "chess.com INT"]
[Date "2023.02.06"]
[Round "1.1"]
[White "Sevian, Samuel"]
[Black "Vasquez Schroeder, Rodrigo"]
[Result "1-0"]
[WhiteTitle "GM"]
[BlackTitle "GM"]
[WhiteElo "2687"]
[BlackElo "2513"]
[WhiteFideId "2040506"]
[BlackFideId "3400042"]
[EventDate "2023.02.06"]

1. d4 Nf6 2. c4 e6 3. Nf3 b6 4. g3 Bb7 5. Bg2 Bb4+ 6. Bd2 c5 7. Bxb4 cxb4 8. O-O
a5 9. Qd3 d6 10. Nbd2 Qc7 11. e4 e5 12. Nh4 g6 13. d5 Na6 14. f4 Nd7 15. Kh1
Nac5 16. Qe3 exf4 17. gxf4 O-O-O 18. Nhf3 Rde8 19. Nd4 f5 20. Nb5 Qb8 21. Qh3
fxe4 22. Rae1 Ba6 23. Nd4 Kc7 24. Bxe4 Nf6 25. Bg2 Qd8 26. Ne6+ Nxe6 27. dxe6
Kb8 28. Nf3 Bb7 29. Nd4 Qe7 30. f5 Rhg8 31. fxg6 Rxg6 32. Bxb7 Qxb7+ 33. Qf3 d5
34. Nf5 Qc6 35. Nh4 Rg4 36. Qxf6 dxc4+ 37. Qf3 Rxe6 38. Qxc6 Rxc6 39. Nf3 Rc7
40. Re6 Rg6 41. Rxg6 hxg6 42. Kg2 c3 43. bxc3 bxc3 44. Nd4 Rc4 45. Nb5 Rc5 46.
a4 c2 47. Rc1 Rc4 48. Kf3 Rxa4 49. Rxc2 Rb4 50. Nc3 Rc4 51. Ke3 b5 52. Kd3 Rc5
53. Kd4 Rc4+ 54. Kd3 Rc5 55. Rg2 Rh5 56. Kd4 Kb7 57. Nd5 b4 58. Kc4 Rh4+ 59. Kc5
Rh5 60. Rf2 Rh7 61. Kb5 Rh5 62. Rf7+ Kb8 63. Kb6 Kc8 64. Kc6 Kb8 65. Nb6 1-0